[Event "FIDE World Bl Team Pool C"]
[Site "London ENG"]
[Date "2025.06.14"]
[Round "10.6"]
[White "Kiritshenko, Platon"]
[Black "Enkhbayar, Genden"]
[Result "1/2-1/2"]
[WhiteElo "1587"]
[BlackElo "1837"]
[WhiteTeam "OlalaStars"]
[BlackTeam "Mongolia-B"]
[WhiteFideId "4522010"]
[BlackFideId "4928415"]
[EventDate "2025.06.14"]
[EventType "team"]

1. c4 e5 2. Nc3 Nc6 3. g3 d6 4. Bg2 Nf6 5. d3 Be7 6. Nf3 O-O 7. O-O Bd7 8. Bd2
Re8 9. a3 Qc8 10. Re1 Bh3 11. Bh1 Bf8 12. Ng5 Bd7 13. Nf3 e4 14. dxe4 Nxe4 15.
Bf4 Nxc3 16. bxc3 Be6 17. Nd4 Nxd4 18. Qxd4 g6 19. Bd5 Bg7 20. Qd3 Qb8 21. Rab1
Bxd5 22. cxd5 b6 23. c4 a5 24. Rec1 Qd8 25. Qf3 Qe7 26. Rc2 Qe4 27. Qxe4 Rxe4
28. f3 Re7 29. Kf2 Rae8 30. Rd1 h6 31. h4 Kh7 32. e4 f5 33. exf5 gxf5 34. h5 Bf6
35. Rdd2 Bg5 36. Bxg5 hxg5 37. Re2 Kh6 38. g4 fxg4 39. fxg4 Rf8+ 40. Kg3 Ref7
41. Rf2 Rf4 42. Rfe2 Rf3+ 43. Kg2 Rxa3 44. Re6+ Kg7 45. h6+ Kh7 46. Rce2 Rff3
47. Re7+ Kh8 48. Re8+ Kh7 49. R8e7+ Kg8 50. Re8+ Kh7 51. R8e7+ Kg8 52. Re8+ Kh7
53. R8e7+ 1/2-1/2

[Event "FIDE World Bl Team Pool C"]
[Site "London ENG"]
[Date "2025.06.14"]
[Round "10.1"]
[White "Pichot, Alan"]
[Black "Mamedyarov, Shakhriyar"]
[Result "1-0"]
[WhiteTitle "GM"]
[BlackTitle "GM"]
[WhiteElo "2588"]
[BlackElo "2746"]
[WhiteTeam "Duobeniajan Costa Calida ESJ"]
[BlackTeam "Generation XYZA"]
[WhiteFideId "110973"]
[BlackFideId "13401319"]
[EventDate "2025.06.14"]
[EventType "team"]

1. e4 d5 2. exd5 Qxd5 3. Nc3 Qa5 4. d4 Nf6 5. Nf3 Bf5 6. Bd2 Qb6 7. Na4 Qd6 8.
Nc5 b6 9. Nd3 e6 10. Be2 Be7 11. O-O O-O 12. c3 c5 13. Bf4 Qd8 14. Nde5 Nd5 15.
Bg3 f6 16. Nc4 Bg6 17. Re1 Nc6 18. Bd3 Bf7 19. Qc2 cxd4 20. Bxh7+ Kh8 21. Bg6
dxc3 22. Bxf7 Rxf7 23. Rxe6 cxb2 24. Nxb2 Ncb4 25. Qg6 Rf8 26. Nh4 Qe8 27. Qf5
Kg8 28. a3 Qf7 29. axb4 Nxb4 30. Ng6 1-0

[Event "FIDE World Bl Team Pool C"]
[Site "London ENG"]
[Date "2025.06.14"]
[Round "10.2"]
[White "Gurel, Ediz"]
[Black "Ibarra Jerez, Jose Carlos"]
[Result "1-0"]
[WhiteTitle "GM"]
[BlackTitle "GM"]
[WhiteElo "2636"]
[BlackElo "2545"]
[WhiteTeam "Generation XYZA"]
[BlackTeam "Duobeniajan Costa Calida ESJ"]
[WhiteFideId "44507356"]
[BlackFideId "2226332"]
[EventDate "2025.06.14"]
[EventType "team"]

1. Nf3 d6 2. d4 Nf6 3. b3 g6 4. Bb2 Bg7 5. e3 O-O 6. Be2 a5 7. c4 c6 8. O-O a4
9. bxa4 Qa5 10. Nc3 Bf5 11. Nd2 e5 12. d5 Na6 13. e4 Bd7 14. Nb3 Qc7 15. a5 c5
16. Nb5 Qb8 17. Bd3 Nb4 18. Bb1 Nh5 19. a3 Na6 20. Qd2 Nf4 21. g3 Nh3+ 22. Kg2
Qd8 23. Nxd6 Ng5 24. Nf5 gxf5 25. exf5 e4 26. Bxg7 Kxg7 27. h4 Nf3 28. Qf4 Qf6
29. Bxe4 Nd4 30. Nd2 Bxf5 31. Rab1 Bxe4+ 32. Qxe4 Rae8 33. Qg4+ Qg6 34. Qxg6+
hxg6 35. Rxb7 Re2 36. Rd1 Rd8 37. Ra7 Nb8 38. Ra8 Ree8 39. Rb1 Nd7 40. Ra7 Ne5
41. Rbb7 Ra8 42. a6 Rxa7 43. Rxa7 Nd3 44. Nf3 Re2 45. Ng5 Rxf2+ 46. Kh3 Nf5 47.
Rxf7+ Kg8 48. a7 Nf4+ 49. gxf4 1-0

[Event "FIDE World Bl Team Pool C"]
[Site "London ENG"]
[Date "2025.06.14"]
[Round "10.3"]
[White "Cuenca Jimenez, Jose Fernando"]
[Black "Solak, Dragan"]
[Result "1-0"]
[WhiteTitle "GM"]
[BlackTitle "GM"]
[WhiteElo "2487"]
[BlackElo "2591"]
[WhiteTeam "Duobeniajan Costa Calida ESJ"]
[BlackTeam "Generation XYZA"]
[WhiteFideId "2255570"]
[BlackFideId "916811"]
[EventDate "2025.06.14"]
[EventType "team"]

1. d4 d6 2. Nf3 g6 3. c4 Bg7 4. Nc3 c5 5. d5 Bxc3+ 6. bxc3 f5 7. e4 fxe4 8. Ng5
Nf6 9. f3 Qa5 10. Qb3 Nbd7 11. fxe4 Nb6 12. Bd3 Ng4 13. Nf3 Nd7 14. Bf4 O-O 15.
Bg3 Nde5 16. Nxe5 Nxe5 17. Bxe5 dxe5 18. Rf1 Rxf1+ 19. Kxf1 Qa6 20. Kg1 Bd7 21.
a4 Rf8 22. a5 Bc8 23. Qc2 Kg7 24. Qd2 Qd6 25. Qe3 Rf6 26. Rb1 Qc7 27. Rb5 Bd7
28. Qxc5 Qxc5+ 29. Rxc5 Kf8 30. Rc7 Ba4 31. c5 b6 32. cxb6 axb6 33. a6 b5 34. a7
Ra6 35. Rc8+ 1-0

[Event "FIDE World Bl Team Pool C"]
[Site "London ENG"]
[Date "2025.06.14"]
[Round "10.4"]
[White "Erdogmus, Yagiz Kaan"]
[Black "Camacho Collados, Marcos"]
[Result "1-0"]
[WhiteTitle "GM"]
[BlackTitle "IM"]
[WhiteElo "2626"]
[BlackElo "2462"]
[WhiteTeam "Generation XYZA"]
[BlackTeam "Duobeniajan Costa Calida ESJ"]
[WhiteFideId "44599790"]
[BlackFideId "2266237"]
[EventDate "2025.06.14"]
[EventType "team"]

1. Nf3 Nf6 2. b3 g6 3. Bb2 Bg7 4. g3 O-O 5. Bg2 d6 6. d4 a5 7. c4 a4 8. bxa4 Bd7
9. Nc3 Qc8 10. Nd2 Bh3 11. O-O Nc6 12. Nb3 e5 13. d5 Ne7 14. a5 h5 15. Bc1 h4
16. Bg5 Bxg2 17. Kxg2 h3+ 18. Kh1 Qg4 19. Bxf6 Bxf6 20. e4 Qd7 21. Qf3 Kg7 22.
Qe3 Rh8 23. c5 Nc8 24. Qd3 Qg4 25. f3 Qg5 26. Nb5 Bd8 27. Rac1 dxc5 28. Nxc5
Rxa5 29. f4 Qg4 30. Rc2 Nd6 31. Nxd6 cxd6 32. Nxb7 Ra4 33. Nxd6 Bf6 34. Nc4 exf4
35. Rxf4 Rb8 36. Rcf2 Rxc4 37. Rxg4 Rc1+ 38. Rf1 Rc3 39. Qd2 Rc4 40. Qf2 1-0

[Event "FIDE World Bl Team Pool C"]
[Site "London ENG"]
[Date "2025.06.14"]
[Round "10.5"]
[White "Khotenashvili, Bella"]
[Black "Salimova, Nurgyul"]
[Result "1-0"]
[WhiteTitle "GM"]
[BlackTitle "IM"]
[WhiteElo "2418"]
[BlackElo "2385"]
[WhiteTeam "Duobeniajan Costa Calida ESJ"]
[BlackTeam "Generation XYZA"]
[WhiteFideId "13602640"]
[BlackFideId "2915138"]
[EventDate "2025.06.14"]
[EventType "team"]

1. Nf3 d5 2. g3 Nc6 3. d4 Bf5 4. Bg2 e6 5. O-O Nf6 6. c4 Be7 7. Nc3 a6 8. Ne5
O-O 9. Nxc6 bxc6 10. c5 e5 11. dxe5 Nd7 12. e4 dxe4 13. Nxe4 Nxe5 14. Be3 Bg4
15. Qxd8 Raxd8 16. Bf4 Nf3+ 17. Kh1 Rd4 18. h3 Bh5 19. Nc3 Nd2 20. Rfe1 Bxc5 21.
Be3 Nf3 22. Bxd4 Bxd4 23. Re2 Ne5 24. g4 Bg6 25. Rd1 c5 26. Nd5 f6 27. Nxc7 Rb8
28. b3 h5 29. Ne6 hxg4 30. hxg4 Nxg4 31. Nxd4 cxd4 32. Rxd4 Ne5 33. f4 Ng4 34.
Bd5+ Kh7 35. Bc4 f5 36. Re7 Nf2+ 37. Kg2 Ne4 38. Rdd7 Nf6 39. Rxg7+ Kh6 40. Ra7
Rd8 41. Rge7 Ne4 42. Rxa6 Rd2+ 43. Kf1 Kh5 44. Be2+ Kh4 45. Rxg6 Ng3+ 46. Ke1
Rxa2 47. Rh7+ 1-0

[Event "FIDE World Bl Team Pool C"]
[Site "London ENG"]
[Date "2025.06.14"]
[Round "10.6"]
[White "Yontar, Sabrican Onay"]
[Black "Torres, Lucas"]
[Result "1-0"]
[WhiteElo "1941"]
[BlackElo "1897"]
[WhiteTeam "Generation XYZA"]
[BlackTeam "Duobeniajan Costa Calida ESJ"]
[WhiteFideId "6373623"]
[BlackFideId "1769464"]
[EventDate "2025.06.14"]
[EventType "team"]

1. e4 e6 2. b3 d5 3. Bb2 a6 4. Bd3 dxe4 5. Bxe4 Nf6 6. Bf3 Bd6 7. Ne2 Nc6 8. d4
O-O 9. O-O Bd7 10. c4 Qe7 11. Nbc3 Qd8 12. Ne4 Be7 13. N2g3 Rb8 14. Qc2 Nb4 15.
Qc3 a5 16. a3 Nc6 17. Rfd1 Nxe4 18. Nxe4 Bf6 19. Nxf6+ Qxf6 20. Qe3 Qg6 21. Be4
Qh5 22. Qg3 Qh6 23. Qxc7 Rfd8 24. d5 exd5 25. Bxd5 Ne7 26. Bxb7 Qe6 27. Re1 Qg6
28. Rxe7 Be6 29. Bd5 Bxd5 30. cxd5 Rdc8 31. Qe5 Rxb3 32. Re8+ 1-0

[Event "FIDE World Bl Team Pool C"]
[Site "London ENG"]
[Date "2025.06.14"]
[Round "10.1"]
[White "Momunaliev, Ruslan"]
[Black "Gurevich, Ilya"]
[Result "0-1"]
[WhiteTitle "CM"]
[BlackTitle "GM"]
[WhiteElo "2214"]
[BlackElo "2586"]
[WhiteTeam "Youth KG"]
[BlackTeam "e-therapeutics"]
[WhiteFideId "13812211"]
[BlackFideId "2000628"]
[EventDate "2025.06.14"]
[EventType "team"]

1. e4 c5 2. Nf3 e6 3. g3 Nc6 4. Bg2 Bd6 5. O-O Nge7 6. c3 Bc7 7. Re1 O-O 8. e5
d6 9. exd6 Qxd6 10. Na3 Qd3 11. Re3 Qd8 12. d3 h6 13. Qc2 a6 14. Re1 b5 15. Be3
Bd6 16. Rad1 Bb7 17. Nb1 Qc7 18. Nbd2 Nf5 19. Ne4 Nxe3 20. Rxe3 Be7 21. d4 cxd4
22. cxd4 Rac8 23. Qe2 Rfd8 24. Rc3 Qb6 25. Nc5 Nxd4 26. Nxd4 Bxc5 27. Bxb7 Qxb7
28. Nf3 Rxd1+ 29. Qxd1 Bb6 30. Rd3 Qe4 31. Kg2 Rc6 32. Qd2 b4 33. h3 a5 34. b3
Rc8 35. Rd6 Rc2 0-1

[Event "FIDE World Bl Team Pool C"]
[Site "London ENG"]
[Date "2025.06.14"]
[Round "10.2"]
[White "Pert, Nicholas"]
[Black "Beknazarov, Emir"]
[Result "1-0"]
[WhiteTitle "GM"]
[WhiteElo "2509"]
[BlackElo "1878"]
[WhiteTeam "e-therapeutics"]
[BlackTeam "Youth KG"]
[WhiteFideId "403989"]
[BlackFideId "13816063"]
[EventDate "2025.06.14"]
[EventType "team"]

1. d4 d5 2. c4 dxc4 3. Nf3 Nf6 4. e3 e6 5. Bxc4 a6 6. O-O c5 7. dxc5 Qxd1 8.
Rxd1 Bxc5 9. Nbd2 b5 10. Be2 Bb7 11. a4 b4 12. Nb3 Be7 13. Nfd2 O-O 14. f3 Nc6
15. e4 a5 16. Nc4 Ba6 17. Bf1 Bxc4 18. Bxc4 Ne5 19. Bb5 Rfc8 20. Be3 Nc4 21. Bd4
e5 22. Bxc4 exd4 23. Rac1 Nd7 24. Nxd4 Bc5 25. Kf1 Nb6 26. b3 g6 27. Nb5 Kg7 28.
Ke2 Be7 29. Bd3 Bf6 30. Nc7 Rab8 31. Ba6 Bb2 32. Rc2 Be5 33. Bxc8 Rxc8 34. Rdc1
Rd8 35. Nd5 Nxd5 36. exd5 Bc3 37. Rd1 Rd6 38. Rd3 f5 39. f4 h6 40. Kf3 g5 41. g3
g4+ 42. Kf2 Kf6 43. Re2 h5 44. Re6+ Rxe6 45. dxe6 Kxe6 46. Ke2 Bb2 47. Rd8 Bf6
48. Ra8 h4 49. gxh4 Bxh4 50. Rxa5 Be7 51. Re5+ Kd6 52. Rxf5 1-0

[Event "FIDE World Bl Team Pool C"]
[Site "London ENG"]
[Date "2025.06.14"]
[Round "10.3"]
[White "Kurbanbaev, Zalkar"]
[Black "Mortazavi, Ali"]
[Result "1-0"]
[BlackTitle "IM"]
[WhiteElo "2119"]
[BlackElo "2333"]
[WhiteTeam "Youth KG"]
[BlackTeam "e-therapeutics"]
[WhiteFideId "13808524"]
[BlackFideId "401323"]
[EventDate "2025.06.14"]
[EventType "team"]

1. e4 g6 2. d4 Bg7 3. Nc3 d6 4. Be3 a6 5. Qd2 b5 6. a3 Bb7 7. f3 Nd7 8. h4 h6 9.
h5 g5 10. Nge2 Rc8 11. f4 gxf4 12. Nxf4 Ngf6 13. Bd3 c5 14. d5 Ne5 15. Rh3 Nfg4
16. Rg3 Bf6 17. O-O-O b4 18. Na2 c4 19. Be2 Nxe3 20. Qxe3 c3 21. b3 bxa3 22. Kb1
Qd7 23. Qb6 Qc7 24. Qb4 Qc5 25. Qxb7 Rc7 26. Qa8+ Kd7 27. Qxa6 Qf2 28. Bb5+ Kd8
29. Rxc3 Qa7 30. Rxc7 Qxa6 31. Bxa6 Kxc7 32. Nd3 Rg8 33. Nxe5 Bxe5 34. Rd2 Rg5
35. Rf2 Rxh5 36. Nb4 f6 37. Ka2 Rh1 38. Rf1 Rh2 39. Kxa3 Rxg2 40. Nd3 Bd4 41. c3
Be3 42. Rf3 Bb6 43. Nf4 Rg4 44. Bd3 Rg1 45. Rh3 Ra1+ 46. Kb2 Rg1 47. Ne6+ Kb7
48. Rxh6 Rg2+ 49. Bc2 Kc8 50. Rh7 Kd7 51. b4 Rd2 52. Kc1 Re2 53. Ba4+ Kc8 54.
Rh8+ Kb7 55. Bc6+ Ka7 56. Ra8# 1-0

[Event "FIDE World Bl Team Pool C"]
[Site "London ENG"]
[Date "2025.06.14"]
[Round "10.4"]
[White "Sivanandan, Bodhana"]
[Black "Keneshbekov, Elim"]
[Result "1-0"]
[WhiteTitle "WFM"]
[BlackTitle "CM"]
[WhiteElo "2109"]
[BlackElo "1883"]
[WhiteTeam "e-therapeutics"]
[BlackTeam "Youth KG"]
[WhiteFideId "497592"]
[BlackFideId "13816772"]
[EventDate "2025.06.14"]
[EventType "team"]

1. e4 c5 2. Nf3 d6 3. Bb5+ Bd7 4. Bxd7+ Qxd7 5. c4 Nc6 6. Nc3 e5 7. d3 g6 8. Nd5
Bg7 9. Be3 Nge7 10. Nxe7 Qxe7 11. Nd2 O-O 12. O-O f5 13. f3 Nd4 14. Bxd4 exd4
15. f4 Rae8 16. Qf3 Qd7 17. Rae1 b5 18. exf5 Rxe1 19. Rxe1 Rxf5 20. b3 b4 21.
Qa8+ Rf8 22. Qd5+ Kh8 23. g3 Bf6 24. Qe6 Qd8 25. Ne4 Kg7 26. Nxd6 h6 1-0

[Event "FIDE World Bl Team Pool C"]
[Site "London ENG"]
[Date "2025.06.14"]
[Round "10.5"]
[White "Muradylov, Baiel"]
[Black "Pert, Max"]
[Result "0-1"]
[BlackTitle "FM"]
[WhiteElo "1864"]
[BlackElo "2277"]
[WhiteTeam "Youth KG"]
[BlackTeam "e-therapeutics"]
[WhiteFideId "13821580"]
[BlackFideId "456845"]
[EventDate "2025.06.14"]
[EventType "team"]

1. e4 e5 2. Nf3 Nc6 3. Bc4 Nf6 4. d3 h6 5. c3 d6 6. h3 g5 7. d4 g4 8. hxg4 Bxg4
9. d5 Ne7 10. Qe2 Qd7 11. Nbd2 h5 12. Bd3 Ng6 13. Nf1 Bh6 14. Bxh6 Rxh6 15. Qe3
Nf4 16. Rh2 Qa4 17. N1d2 Bxf3 18. Qxf3 Ng4 19. Rh4 Rf6 20. Nc4 Nxd5 21. Qg3 Nf4
22. b3 Qd7 23. O-O-O Nxd3+ 24. Rxd3 Nxf2 25. Rf3 Rxf3 26. gxf3 Nd3+ 27. Kc2
O-O-O 28. Kxd3 d5 29. Nxe5 dxe4+ 30. Kxe4 Qd5+ 31. Kf4 f6 32. Ng6 Qd6+ 0-1

[Event "FIDE World Bl Team Pool C"]
[Site "London ENG"]
[Date "2025.06.14"]
[Round "10.6"]
[White "Mortazavi, Sami"]
[Black "Sezdbekova, Aizhan"]
[Result "0-1"]
[BlackTitle "WCM"]
[WhiteElo "1805"]
[BlackElo "1884"]
[WhiteTeam "e-therapeutics"]
[BlackTeam "Youth KG"]
[WhiteFideId "343443834"]
[BlackFideId "13803590"]
[EventDate "2025.06.14"]
[EventType "team"]

1. e4 e5 2. Nf3 Nc6 3. Nc3 Nf6 4. Nd5 d6 5. d4 exd4 6. Bb5 Bd7 7. O-O Be7 8.
Nxd4 O-O 9. Nxc6 bxc6 10. Nxe7+ Qxe7 11. Bd3 d5 12. exd5 cxd5 13. Re1 Qd6 14.
Qf3 Bg4 15. Qg3 Qxg3 16. hxg3 Rfe8 17. Bg5 Ne4 18. Bf4 Nd6 19. Bxd6 cxd6 20. b3
g5 21. f3 Be6 22. Kf2 f5 23. Re2 Kf7 24. Rh1 Kg6 25. g4 Bd7 26. gxf5+ Bxf5 27.
Bxf5+ Kxf5 28. Rxh7 Rxe2+ 29. Kxe2 Re8+ 30. Kd3 a5 31. Rd7 Re6 32. Kd4 Re2 33.
Rxd6 Rxc2 34. Rxd5+ Kf4 35. Rxa5 Rxg2 36. b4 Kxf3 37. b5 g4 38. b6 0-1

[Event "FIDE World Bl Team Pool C"]
[Site "London ENG"]
[Date "2025.06.14"]
[Round "10.1"]
[White "Fromm, Marius"]
[Black "D'Costa, Lorin"]
[Result "1-0"]
[WhiteTitle "IM"]
[BlackTitle "IM"]
[WhiteElo "2444"]
[BlackElo "2370"]
[WhiteTeam "Berlin Chess Federation"]
[BlackTeam "Chess Rising Stars"]
[WhiteFideId "12993190"]
[BlackFideId "409219"]
[EventDate "2025.06.14"]
[EventType "team"]

1. e4 c5 2. Nf3 e6 3. d3 Nc6 4. g3 d5 5. Qe2 Nge7 6. h4 b6 7. Bg2 Bb7 8. h5 h6
9. Bf4 dxe4 10. dxe4 Nb4 11. O-O Ba6 12. c4 Qd3 13. Qxd3 Nxd3 14. b3 Nxf4 15.
gxf4 Nc6 16. Nc3 O-O-O 17. Rad1 Be7 18. e5 Bb7 19. Kh2 Nb4 20. Kg3 Rxd1 21. Rxd1
Rd8 22. Rxd8+ Kxd8 23. Ne1 Bxg2 24. Nxg2 Kd7 25. Ne3 a6 26. f5 Nd3 27. f4 exf5
28. Nxf5 Bf8 29. Nd5 b5 30. Nfe3 Nc1 31. cxb5 axb5 32. a4 Nxb3 33. axb5 Nd4 34.
b6 Kc6 35. Kg4 Nb5 36. f5 Nd4 37. Kf4 c4 38. b7 Kxb7 39. Nxc4 Kc6 40. Nde3 Bc5
41. Ke4 Ne2 42. Kf3 Nd4+ 43. Kg4 Nb5 44. f6 gxf6 45. exf6 Bf8 46. Ne5+ Kd6 47.
Nxf7+ Ke6 48. Nxh6 Bxh6 49. Nf5 Bd2 50. h6 Bc3 51. Ng7+ Kf7 52. h7 Bxf6 53. h8=Q
Bxg7 54. Qh5+ 1-0

[Event "FIDE World Bl Team Pool C"]
[Site "London ENG"]
[Date "2025.06.14"]
[Round "10.2"]
[White "Navrotescu, Andreea"]
[Black "Schneider, Ilja"]
[Result "0-1"]
[WhiteTitle "WGM"]
[BlackTitle "IM"]
[WhiteElo "2333"]
[BlackElo "2417"]
[WhiteTeam "Chess Rising Stars"]
[BlackTeam "Berlin Chess Federation"]
[WhiteFideId "675946"]
[BlackFideId "4663306"]
[EventDate "2025.06.14"]
[EventType "team"]

1. d4 Nf6 2. c4 e6 3. Nc3 Bb4 4. Qc2 d5 5. a3 Bxc3+ 6. Qxc3 O-O 7. Nf3 dxc4 8.
Qxc4 b6 9. Bg5 c5 10. dxc5 bxc5 11. Qxc5 Nbd7 12. Qd6 Rb8 13. b4 a5 14. e3 axb4
15. axb4 Qb6 16. Qxb6 Rxb6 17. Rb1 Nd5 18. b5 f6 19. Bh4 Nc5 20. Bc4 Nc3 21. Rc1
Nxb5 22. Rb1 Bd7 23. O-O Rfb8 24. Rbc1 Ne4 25. Rfd1 Rd6 26. Rxd6 Nbxd6 27. Bf1
Nf5 28. Bg3 Nfxg3 29. hxg3 Kf7 30. Rc7 Ke8 31. Nd4 Rb1 32. Rc2 e5 33. Ne2 Bb5
34. Rc1 Rb2 35. Nc3 Nxc3 36. Rxc3 Rb1 37. Rc8+ Kf7 38. Rc7+ Kg6 39. Rb7 Rxf1+
40. Kh2 Bd3 41. g4 Rxf2 0-1

[Event "FIDE World Bl Team Pool C"]
[Site "London ENG"]
[Date "2025.06.14"]
[Round "10.3"]
[White "Florstedt, Johannes"]
[Black "Tsaknakis, Zisis"]
[Result "1/2-1/2"]
[WhiteTitle "FM"]
[BlackTitle "FM"]
[WhiteElo "2391"]
[BlackElo "2333"]
[WhiteTeam "Berlin Chess Federation"]
[BlackTeam "Chess Rising Stars"]
[WhiteFideId "12922293"]
[BlackFideId "4259963"]
[EventDate "2025.06.14"]
[EventType "team"]

1. e4 e5 2. Bc4 Nf6 3. Nc3 Bc5 4. d3 O-O 5. f4 d5 6. exd5 exf4 7. Bxf4 Bxg1 8.
Rxg1 Re8+ 9. Kd2 Bg4 10. Qf1 Nbd7 11. h3 Bh5 12. g4 Bg6 13. Qf3 Ne5 14. Bxe5
Rxe5 15. Rae1 Nd7 16. Qf4 Qe7 17. Rxe5 Nxe5 18. Re1 Nxc4+ 19. dxc4 Qh4 20. Re3
h5 21. b4 hxg4 22. hxg4 Qh1 23. Re1 Qg2+ 24. Re2 Qg1 25. Re1 Qg2+ 26. Re2 Qg1
27. a4 Qa1 28. a5 Qb2 29. Re4 Bxe4 30. Qxe4 Qxb4 31. Qd4 Qxa5 32. c5 Rd8 33. Kd3
b6 34. c6 b5 35. Ne4 b4 36. Nc5 Qb5+ 37. Kd2 a5 38. Nd7 a4 39. g5 a3 40. g6 fxg6
41. Qe3 Qxd5+ 42. Kc1 Qh1+ 43. Kd2 Qxc6 44. Qb3+ Kh7 45. Qh3+ Kg8 46. Qb3+ Kh7
47. Qh3+ Kg8 48. Qb3+ Kh7 1/2-1/2

[Event "FIDE World Bl Team Pool C"]
[Site "London ENG"]
[Date "2025.06.14"]
[Round "10.4"]
[White "Russell, Christopher"]
[Black "Schulze, Lara"]
[Result "1-0"]
[BlackTitle "FM"]
[WhiteElo "2104"]
[BlackElo "2317"]
[WhiteTeam "Chess Rising Stars"]
[BlackTeam "Berlin Chess Federation"]
[WhiteFideId "413569"]
[BlackFideId "12956830"]
[EventDate "2025.06.14"]
[EventType "team"]

1. e4 e5 2. Nc3 Nf6 3. g3 Bc5 4. Bg2 O-O 5. Nge2 c6 6. O-O d5 7. exd5 cxd5 8. d4
exd4 9. Nxd4 Bg4 10. Nf3 Nc6 11. Bg5 h6 12. Bxf6 Qxf6 13. Qxd5 Bb4 14. Qe4 Bf5
15. Qc4 Bxc3 16. bxc3 Rac8 17. Qb3 b6 18. Nh4 Na5 19. Qa4 Bh7 20. Be4 Rc4 21.
Bxh7+ Kxh7 22. Qd7 Nc6 23. Qd3+ g6 24. Qxc4 Rc8 25. Qg4 Qxc3 26. Qxc8 1-0

[Event "FIDE World Bl Team Pool C"]
[Site "London ENG"]
[Date "2025.06.14"]
[Round "10.5"]
[White "Rath, Alina"]
[Black "Mihailidou, Magdalini"]
[Result "1-0"]
[WhiteTitle "CM"]
[WhiteElo "2019"]
[BlackElo "1922"]
[WhiteTeam "Berlin Chess Federation"]
[BlackTeam "Chess Rising Stars"]
[WhiteFideId "24607886"]
[BlackFideId "25801236"]
[EventDate "2025.06.14"]
[EventType "team"]

1. c4 e5 2. Nc3 Nc6 3. g3 Bc5 4. Bg2 a6 5. e3 Ba7 6. Nge2 d6 7. O-O h5 8. d3 h4
9. Rb1 Nf6 10. f3 Nh5 11. g4 Nf4 12. h3 Nxg2 13. Kxg2 f5 14. Nd5 Be6 15. Nec3
Ne7 16. Nxe7 Qxe7 17. Qe2 c6 18. e4 g6 19. Bd2 Rf8 20. Be3 Bxe3 21. Qxe3 O-O-O
22. Qa7 Qc7 23. Na4 Kd7 24. Qe3 d5 25. cxd5 cxd5 26. Rbc1 Qd6 27. Nc5+ Ke8 28.
Nxb7 Qd7 29. Nxd8 Qxd8 30. exf5 gxf5 31. Qxe5 Kf7 32. Rc7+ Bd7 33. Qxd5+ Ke7 34.
Re1+ Kf6 35. Rxd7 Qb8 36. Qxf5# 1-0

[Event "FIDE World Bl Team Pool C"]
[Site "London ENG"]
[Date "2025.06.14"]
[Round "10.6"]
[White "Kennedy, Aden"]
[Black "Ziems, Michael"]
[Result "1/2-1/2"]
[WhiteElo "1950"]
[BlackElo "1904"]
[WhiteTeam "Chess Rising Stars"]
[BlackTeam "Berlin Chess Federation"]
[WhiteFideId "343401015"]
[BlackFideId "24678490"]
[EventDate "2025.06.14"]
[EventType "team"]

1. e4 e6 2. d4 d5 3. exd5 exd5 4. Nf3 Nf6 5. Bd3 Bd6 6. Qe2+ Qe7 7. Qxe7+ Kxe7
8. O-O h6 9. Re1+ Be6 10. Be3 Nbd7 11. Nbd2 Rhe8 12. c3 Kf8 13. h3 a6 14. Re2 c5
15. dxc5 Bxc5 16. Bd4 b5 17. Bc2 Rac8 18. Rae1 Bb6 19. a4 b4 20. Re3 bxc3 21.
bxc3 Nc5 22. Ne5 Red8 23. f4 Rc7 24. f5 Bc8 25. Nb3 Nxa4 26. Bxb6 Nxb6 27. Nd4
Nc4 28. Nxc4 dxc4 29. Ba4 Bd7 30. Bxd7 Rcxd7 31. Ra1 Nd5 32. Rf3 Nxc3 33. Rxc3
Rxd4 34. Rxa6 Rf4 35. Ra5 h5 36. Rc5 Rdd4 37. Re3 f6 38. Rc8+ Kf7 39. Rc7+ Kg8
40. Ree7 Rxf5 41. Rxg7+ Kf8 42. Rh7 Kg8 43. Rcg7+ Kf8 44. Ra7 Kg8 45. Rhc7 Rd8
46. Rxc4 Rg5 47. Rcc7 h4 48. Ra2 Rg3 49. Rf2 Rd6 50. Re2 Rd8 51. Ree7 Rd1+ 52.
Kh2 Rd8 53. Re6 Rg6 54. Rc2 Kf7 55. Ra6 Rd7 56. Rf2 Kg7 57. Ra4 Rh6 58. Rg4+ Kh7
59. Rff4 Rd6 60. Rxh4 Rxh4 61. Rxh4+ Kg6 62. Rg4+ Kf7 63. Kg3 f5 64. Rf4 Kf6 65.
Kh4 Kg6 66. Ra4 Re6 67. Kg3 Re3+ 68. Kf4 Re6 69. Ra5 Rc6 70. Re5 Rb6 71. Re3 Rc6
72. Kg3 Kg5 73. Rf3 Rc5 74. h4+ Kf6 75. Kh3 Rc4 76. Kg3 Rg4+ 77. Kh3 Kg6 78. g3
Kf6 79. Ra3 Rb4 80. Ra6+ Kg7 81. Ra7+ Kg6 82. Ra8 Rd4 83. Rg8+ Kf7 84. Rg5 Kf6
85. Kg2 Rc4 86. Rg8 Kf7 87. Rd8 Kf6 88. Rd3 Rb4 89. Kf3 Rc4 90. Ke3 Rg4 91. Kf3
Rb4 92. Rd2 Rb3+ 93. Kg2 Kg6 94. Rf2 Rb4 95. Kh3 Rb3 96. h5+ Kg5 97. Rf4 Rb5 98.
Rh4 Kh6 99. Kg2 Rb3 100. Rh1 Rb4 101. Kf3 Rg4 102. Kg2 f4 103. Kf3 Rxg3+ 104.
Kxf4 Rg5 105. Ra1 Rg7 106. Ra5 Rf7+ 107. Ke5 Rg7 108. Kf6 Rb7 109. Ra6 Kxh5 110.
Kf5 Rb5+ 111. Ke6 Kg4 112. Ra4+ Kf3 113. Kf6 Rb6+ 114. Ke7 Rb7+ 1/2-1/2

[Event "FIDE World Bl Team Pool C"]
[Site "London ENG"]
[Date "2025.06.14"]
[Round "10.1"]
[White "Tan, Justin2"]
[Black "Samadov, Read"]
[Result "0-1"]
[WhiteTitle "GM"]
[BlackTitle "IM"]
[WhiteElo "2512"]
[BlackElo "2522"]
[WhiteTeam "Wood Green Youth"]
[BlackTeam "Rookies"]
[WhiteFideId "3206882"]
[BlackFideId "13417444"]
[EventDate "2025.06.14"]
[EventType "team"]

1. Nf3 Nf6 2. g3 g6 3. Bg2 Bg7 4. O-O O-O 5. d4 d5 6. c4 c6 7. Qa4 Nfd7 8. cxd5
Nb6 9. Qd1 cxd5 10. h3 Nc6 11. Nc3 h6 12. b3 Bf5 13. Ba3 Rc8 14. Rc1 Re8 15. e3
Qd7 16. Kh2 Kh7 17. Ne1 e5 18. Nb5 exd4 19. exd4 Bf8 20. Bxf8 Rxf8 21. Nf3 Be4
22. Nc3 Rfe8 23. Qd2 Qf5 24. Nxe4 dxe4 25. Ng1 Rcd8 26. Ne2 Nd5 27. Rc5 Qf6 28.
Kg1 Ncb4 29. Nc1 Qd6 30. a3 Nc6 31. b4 b6 32. Rc4 Nde7 33. Ne2 Nf5 34. Rd1 Ne5
35. Rc3 Nd3 36. Bxe4 Nxf2 37. Kxf2 Rxe4 38. Rd3 Rde8 39. Nc3 Re3 40. Rxe3 Rxe3
41. Ne2 Qd5 42. Rf1 Qf3+ 43. Ke1 Qxg3+ 44. Kd1 Qxh3 45. Rxf5 gxf5 46. Kc2 Qf3
47. Nc3 Rxc3+ 48. Qxc3 Qxc3+ 49. Kxc3 Kg7 50. Kd3 Kf6 51. Ke3 h5 0-1